1077 1658 1000 1075 1801 1423 1742 1818 1085 1607 1275 1913 1093 1079 1393 1973 1701 1486 1227 1638 1417 1367 1197 1423 1819 1934 1606 1612 1985 1291 1836 1848 1895 1238 1896 1149 1939 1472 1702 1418 1925 1614 1198 1231 1917 1560 1785 1289 1743 1801 1404 1952 1467 1477 1318 1690 1247 1775 1530 1628 1527 1199 1596 1992 1016 1978 1743 1763 1353 1380 1136 1915 1374 1829 1695 1351 1644 1533 1039 1579 1317 1477 1486 1270 1481 1510 1720 2000 1114 2000 1284 1030 1901 1168 1087 1997 1303 1464 1714 BCNSPRNW ULIB Ver.6.0+V

เปลี่ยนเป็นภาษาไทย

Change to English
 แสดงรายละเอียดบรรณานุกรม
  กลับหน้าหลัก

Brief Record : Get Marc (ISO 2709) : E-mail record : QR code < ปิดหน้าต่าง
LEADER : 00000nam 2200000uu 4500
001    13399112924
003     ULIB
008    110627s2551||||th 000 0 tha d
020    9789740417620
090    นว.^bจ757ต 2551
100 0  เจ้าปลาน้อย
245 00 เตกีล่า 99 พนันหัวใจในเกมรัก/^cเจ้าปลาน้อย
250    พิมพ์ครั้งที่ 1
260    กรุงเทพฯ :^bแจ่มใส,^c2551
300    216 หน้า
710 1  แจ่มใส
945    ^p159^l0^i023595
995    ทศพร
999 ^a ใช้งานได้ทุกระบบ
รายการนี้ยังไม่มีแท็ก
คุณยังไม่ได้ล็อกอิน คุณสามารถมีกิจกรรมร่วมกับเว็บไซต์ได้ แต่ต้องล็อกอินก่อน ::
  ล็อกอิน

รายการสื่อสารสนเทศ

ลำดับที่ ประเภท เลขเรียก/บาร์โค้ด สถานที่ สถานะ
- ไม่พบข้อมูล -

รายการใกล้เคียง
    ผู้แต่ง [เจ้าปลาน้อย]

BibComment


ยังไม่เคยถูกคอมเมนท์

คอมเมนท์ทรัพยากรรายการนี้
  คอมเมนท์: เตกีล่า 99 พนันหั..


 Copyright 2026. Bcnsprnw @Library